000 00751nam a22002297a 4500
999 _c26119
_d26119
005 20190702165724.0
010 _aB-285014 , B-215865
020 _a0571218806
_c275.00
020 _a9780571218806
_c275.00
035 _aB-285014, B-215846, B-215865,B-215862
035 _aB-215866
035 _aB-215852
037 _bUBH (Vender)
082 _aN
100 _aMistry, Rohinton
245 _aSuch a long journey /
_cby Rohinton Mistry
260 _aLondon
_bFaber and Faber
_c1992
270 _a3 Queen Square
_bLondon
_eWC1N 3AU
300 _a339p.
_c20cm. (pbk)
942 _2ddc
_cEN
_hN
_mMIS